00655nam a2200217 a 450000100060000000300080000600500170001400800410003102000150007203500190008704000350010604100080014108200250014910000210017424500630019526000530025830000260031150400370033765000280037470000350040250646BD-RjUL20211209075537.0160828s1974 mou 001 0 eng d a0826201636 a(BD-RjUL)50766 aBD-RjULbengcBD-RjULdBD-RjUL aeng 223a511.33bBAD 19741 aBalbes, Raymond.10aDistributive lattices /cRaymond Balbes and Philip Dwinger aColumbia :bUniversity of Missouri Press,cc1974 axiii, 294 p. ;c26 cm aIncludes bibliography: p.261-283 aLattices, Distributive.1 aDwinger, Philip., joint author